000 00607nam a2200193 4500
008 010509s1993 us 0 engYA
020 _a1562330128
090 _aBV15
_bC73w
245 1 0 _aTwenty centuries of Christian worship /
_cedited by Robert E. Webber
260 _aMassachusetts :
_bHendrickson,
_cc1993.
300 _axli, 413 p. :
_bills.
490 1 _aThe complete library of Christian worship
504 _aIncludes bibliographical references.
505 0 _avol.II
650 4 _aPublic worship
_xHistory
650 4 _aPublic worship
700 1 _aWebber, Robert E.
950 0 _399.95 set of 8
999 _c1256
_d1256